| 000 | 00844nam a22002177a 4500 | ||
|---|---|---|---|
| 003 | OSt | ||
| 005 | 20260316022729.0 | ||
| 008 | 260316b |||||||| |||| 00| 0 eng d | ||
| 020 | _a978-0-316-03698-6 | ||
| 040 |
_aDWCL GS lib _cOC |
||
| 082 | _aP 317d 2010 | ||
| 100 | _aJAMES PATTERSON | ||
| 245 |
_aDaniel Demons and Driuds _cJAMES PATTERSON |
||
| 260 |
_aNew York _b Little Brown and Company _c2010 |
||
| 300 |
_a243p _c20cm |
||
| 520 | _a15-year-old alien hunter Daniel as he pursues Phosphorius Beta, an explosive fire-demon and No. 3 on his list of interstellar outlaws. | ||
| 650 | _athe third installment in James Patterson’s Daniel X science fiction series. | ||
| 650 | _acenter on themes of resilience, the strength of friendship, and facing past trauma to secure the future. | ||
| 700 | _aADAM SADLER | ||
| 942 |
_2ddc _cFIC. _n0 |
||
| 999 |
_c9135 _d9135 |
||